• 首页
  • 本馆介绍
  • 公告通知
  • 最新文献
  • 馆藏检索
  • 电子资源
  • 读者导购
  • 参考咨询
  • 我的图书馆
  • 登录
  • 详细信息显示
  • 放入我的书架
  • 预约/预借图书
  • 作者相关作品
  • 分类相关作品
  • 丛书相关作品
  • 出版社相关作品

书目信息

  • 表格格式
  • 工作单格式
  • 卡片格式
题名:
信用资本
    
 
作者: 滕达 编著
分册:  
出版信息: 北京   电子工业出版社  2018
页数: 15,292页
开本: 24cm
丛书名:
单 册:
中图分类: F830.5
科图分类:
主题词: 信用--研究
电子资源:
ISBN: 978-7-121-32946-3
000 01075nam0 2200253 450
001 012001000798
005 20140920091302.0
010    @a978-7-121-32946-3@dCNY59.00
100    @a20180412d2018 em y0chiy50 ea
101 0  @achi
102    @aCN@b110000
105    @aa z 000yy
106    @ar
200 1  @a信用资本@9Xin Yong Zi Ben@e开启未来金融的密码@f滕达编著
210    @a北京@c电子工业出版社@d2018
215    @a15,292页@c图@d24cm
314    @a滕达,曾就读于清华大学与北京交通大学。在通信、电子、计算机、经济、金融等领域进行过学习。曾在通信系统、智能终端、定位导航接收机等方面课题进行过工作和研究,是科技、经济、金融、生物、技术哲学、长跑方面的发烧友。目前在某大型央企从事智能信息的市场策略研究工作。
330    @a本书帮助我们梳理数字信用的发展及挑战,带我们思考在数字化生存的时代,如何让信用发挥出更大的价值,以及如何构建未来的数字信用社会。
517 1  @a开启未来金融的密码@9Kai Qi Wei Lai Jin Rong De Mi Ma
606 0  @a信用@x研究
690    @aF830.5@v5
701  0 @a滕达@9Teng Da@4编著
801  0 @aCN@b上海新华@c20180901
905    @b1155395-99@dF830.5@e416@f5
    
    信用资本:开启未来金融的密码/滕达编著.-北京:电子工业出版社,2018
    15,292页:图;24cm
    
    
    ISBN 978-7-121-32946-3:CNY59.00
    本书帮助我们梳理数字信用的发展及挑战,带我们思考在数字化生存的时代,如何让信用发挥出更大的价值,以及如何构建未来的数字信用社会。
●
相关链接 在E读中查询图书 在五车中查询图书 在当当中查询图书 在豆瓣中查询图书


正题名:信用资本     索取号:F830.5/416         预约/预借

序号 登录号 条形码 馆藏地/架位号 状态 备注
1 1155395   211553950   第一样本阅览室/ [索取号:F830.5/416] 在馆    
2 1155396   211553969   第一借阅区/ [索取号:F830.5/416] 在馆    
3 1155397   211553978   密集书库-海洋学院/ [索取号:F830.5/416] 在馆    
4 1155398   211553987   第一借阅区/ [索取号:F830.5/416] 在馆    
5 1155399   211553996   第一借阅区/ [索取号:F830.5/416] 在馆    
唐山师范学院图书馆 欢迎您!
大连网信软件有限公司© 版权所有